| 000 | 01089cam a22002778a 4500 | ||
|---|---|---|---|
| 001 | MEB027490 | ||
| 005 | 20150126151514.0 | ||
| 008 | 110927s2013 mou 001 0 eng | ||
| 010 | _a2011040614 | ||
| 020 | _a9780323083225 | ||
| 050 | 1 | 4 |
_aRC 78 _b.F27 2013 |
| 100 | 1 | _aFauber, Terri L. | |
| 245 | 1 | 0 |
_aRadiographic imaging & exposure / _cTerri L. Fauber. |
| 250 | _a4th ed. | ||
| 260 |
_aSt. Louis, Mo. : _bElsevier Mosby, _cc2013. |
||
| 263 | _a1202. | ||
| 300 |
_aix, 341 pages : _billustrations ; _c24 cm. |
||
| 500 | _aIncludes index. | ||
| 505 | 0 | _aRadiation and its discovery -- The X-ray beam -- Image formation and radiographic quality -- Exposure technique factors -- Scatter control -- Image receptors and image acquisition -- Image processing and display -- Exposure technique selection -- Image evaluation -- Dynamic imaging : fluoroscopy. | |
| 521 | _aRadiologist | ||
| 650 | 0 |
_aRadiography, Medical _xExposure. |
|
| 650 | 0 |
_aRadiography, Medical _xImage quality. |
|
| 650 | 1 | _aRadiography. | |
| 650 | _aRadiographic Image Enhancement. | ||
| 942 |
_2lcc _cBK |
||
| 999 |
_c277675 _d277675 |
||